Myslíme na budúcnosť

Gespeichert in:
Bibliographische Detailangaben
1. Verfasser: Mogyorosiová, Zuzana, 1975-
Weitere Verfasser: Čiderová, Denisa, 1977-
Format: Buchkapitel
Sprache:Slowakisch
Tags: Tag hinzufügen
Keine Tags, Fügen Sie das erste Tag hinzu!

MARC

LEADER 00000naa$a2200000$$$4500
001 0085520
005 20240502071955.2
041 0 |a slo 
044 |a SK 
245 1 0 |a Myslíme na budúcnosť  |c Zuzana Mogyorosiová, Denisa Čiderová 
100 1 |a Mogyorosiová, Zuzana, 1975- 
700 1 |a Čiderová, Denisa, 1977-